| 000 | 01130 a2200313 4500 | ||
|---|---|---|---|
| 999 |
_c200129881 _d31302 |
||
| 001 | 200129881 | ||
| 003 | TR-AnTOB | ||
| 005 | 20240916111944.0 | ||
| 008 | 130624s tu 000 0 | ||
| 020 | _a9786051372396 | ||
| 040 |
_aTR-AnTOB _beng _erda _cTR-AnTOB |
||
| 041 | 0 | _atur | |
| 050 | 1 |
_aHE873.4 _bO76 2013 |
|
| 090 |
_aHE873.4 _bO76 2013 |
||
| 245 | 0 | 0 |
_aOsmanlı Deniz Ticaretinin Yükselen Değeri Mersin (1812-1922) / _ceditör Mehmet Mazak, Metin Yazarı Mehmet Mazak, Aylin Doğan. |
| 264 | 1 |
_aMersin : _bMersin Deniz Ticaret Odası, _c2013. |
|
| 300 |
_a304 pages : _bill. ; _c30 cm |
||
| 336 |
_2rdacontent _atext _btxt |
||
| 337 |
_2rdamedia _aunmediated _bn |
||
| 338 |
_2rdacarrier _avolume _bnc |
||
| 650 | 7 |
_aDeniz taşımacılığı _zTürkiye _zMersin (Mersin İli) _2etuturkob _990628 |
|
| 651 | 7 |
_aMersin (Mersin İli, Türkiye) _xTarih _2etuturkob _982750 |
|
| 651 | 0 |
_aMersin İli (Türkiye) _xEkonomik durum _992561 |
|
| 651 | 7 |
_aMersin İli (Türkiye) _xTicaret _2etuturkob _9124396 |
|
| 700 |
_aMazak, Mehmet _954542 |
||
| 700 |
_aDoğan, Aylin _991050 |
||
| 942 |
_cBK _2lcc |
||